[Event "29th Czech Open B 2018"]
[Site "Pardubice CZE"]
[Date "2018.07.21"]
[Round "2.17"]
[White "Wiesner, Alexander"]
[Black "Koehn, Lennart"]
[Result "0-1"]
[WhiteElo "1918"]
[BlackElo "2087"]
[WhiteFideId "12943991"]
[BlackFideId "12938041"]
[EventDate "2018.07.20"]

1. d4 Nf6 2. c4 e6 3. Nc3 Bb4 4. g3 c5 5. dxc5 Na6 6. Bg2 Nxc5 7. Bf4 Nce4 8.
Qc2 Nxc3 9. bxc3 Be7 10. Nf3 d6 11. O-O O-O 12. Rab1 Qc7 13. Nd2 Rb8 14. Rfd1 b6
15. Qa4 Nd7 16. Ne4 Ne5 17. Rd4 Rd8 18. Rbd1 Bd7 19. Qb4 a5 20. Qb3 Bc6 21. R1d2
Bxe4 22. Bxe4 Bf6 23. Qb5 Rbc8 24. Rd1 Nxc4 25. R4d3 Ne5 26. Rd4 d5 27. Bb1 Qc5
28. Qb2 Ng4 29. Bd6 Qxc3 30. Qxc3 Rxc3 31. Rxg4 Rxd6 32. e3 Rdc6 33. Kf1 Rc1 34.
Ke2 b5 35. Kd2 Rxd1+ 36. Kxd1 e5 37. Kd2 h5 0-1

[Event "29th Czech Open B 2018"]
[Site "Pardubice CZE"]
[Date "2018.07.21"]
[Round "2.18"]
[White "Kourek, Josef"]
[Black "Sim, Jia Ru"]
[Result "0-1"]
[WhiteElo "2080"]
[BlackElo "1917"]
[WhiteFideId "304107"]
[BlackFideId "5716110"]
[EventDate "2018.07.20"]

1. d4 d5 2. Nf3 c5 3. g3 cxd4 4. Nxd4 e5 5. Nf3 Nc6 6. Bg2 h6 7. O-O Nf6 8. c4
d4 9. e3 d3 10. Nc3 Bb4 11. Qb3 Bxc3 12. Qxc3 Ne4 13. Qa3 Ng5 14. Nd2 Nh3+ 15.
Kh1 h5 16. Ne4 Qc7 17. Nd6+ Kf8 18. Qxd3 Qd7 19. b3 h4 20. Ba3 Kg8 21. Rad1 Ng5
22. Nxc8 Qxc8 23. Qd7 e4 24. Qxc8+ Rxc8 25. Rd5 f6 26. Rfd1 Kf7 27. Rd7+ Kg6 28.
Bb2 Nb4 29. Kg1 Nd3 30. Bxe4+ Nxe4 31. R7xd3 hxg3 32. fxg3 Rh3 33. Kg2 Rch8 34.
Kf3 Ng5+ 35. Kg4 Re8 36. Rf1 Re4+ 0-1

[Event "29th Czech Open B 2018"]
[Site "Pardubice CZE"]
[Date "2018.07.21"]
[Round "2.19"]
[White "Podjavorinsky, Michal"]
[Black "Blodig, Reinhard"]
[Result "0-1"]
[WhiteElo "1916"]
[BlackElo "2078"]
[WhiteFideId "14936925"]
[BlackFideId "4607597"]
[EventDate "2018.07.20"]

1. e4 d6 2. d4 g6 3. Nc3 Bg7 4. f4 Nf6 5. Nf3 c5 6. dxc5 Qa5 7. Bd3 Qxc5 8. Qe2
Bg4 9. Be3 Qa5 10. O-O Nc6 11. Qf2 O-O 12. Nd2 Be6 13. Nb3 Qd8 14. h3 a6 15. Bb6
Qb8 16. Nd4 Nd7 17. Nxe6 Nxb6 18. Nxg7 Qa7 19. Nh5 gxh5 20. Kh1 Kh8 21. Qh4 Rg8
22. Qxh5 Rg7 23. e5 d5 24. Rf3 Nb4 25. Rg3 Nxd3 26. Rxd3 Rag8 27. g4 Nc4 28. Qh4
e6 29. b3 Ne3 30. Qf2 d4 31. Nd1 Nxg4 32. hxg4 Rxg4 33. Nb2 b5 34. Kh2 Qb7 35.
Rf3 Qe4 36. Rf1 Qg6 37. Rg3 Rxg3 38. Qxg3 Qxg3+ 0-1

[Event "29th Czech Open B 2018"]
[Site "Pardubice CZE"]
[Date "2018.07.21"]
[Round "2.20"]
[White "Lucovnik, Tilen"]
[Black "Drozdov, Vladimir E."]
[Result "1/2-1/2"]
[WhiteElo "2077"]
[BlackElo "1913"]
[WhiteFideId "14608960"]
[BlackFideId "4129580"]
[EventDate "2018.07.20"]

1. Nf3 d5 2. g3 Nf6 3. Bg2 Nbd7 4. O-O e5 5. d3 Bd6 6. Nbd2 O-O 7. e4 c6 8. c3
Re8 9. Qc2 Nf8 10. Re1 Qc7 11. Nf1 Be6 12. Ng5 Rad8 13. Ne3 Be7 14. Nxe6 Nxe6
15. Nf5 Bf8 16. Qe2 dxe4 17. dxe4 Nc5 18. Bg5 Qd7 19. Rad1 Qe6 20. b3 g6 21.
Nh6+ Kg7 22. Qf3 Rxd1 23. Rxd1 Ncxe4 24. h4 Bc5 25. Be3 Bxe3 26. Qxe3 Nxc3 27.
Qxc3 Kxh6 28. Qe3+ Kg7 29. Qxa7 Re7 30. Rd8 Rd7 31. Rxd7 Qxd7 32. Bf3 e4 33. Be2
h5 34. Qe3 Qf5 35. Qd4 Kh7 36. Qb6 Qd7 37. Qe3 Qf5 38. Qb6 Qd7 39. Qe3 Qf5 1/2-1/2

[Event "29th Czech Open B 2018"]
[Site "Pardubice CZE"]
[Date "2018.07.21"]
[Round "2.21"]
[White "Muller, Petr"]
[Black "Rozmanov, Aleksandr"]
[Result "1/2-1/2"]
[WhiteElo "1911"]
[BlackElo "2075"]
[WhiteFideId "331589"]
[BlackFideId "34136026"]
[EventDate "2018.07.20"]

1. d4 d5 2. Bf4 Bf5 3. c4 e6 4. Nc3 Nf6 5. e3 Bd6 6. Bg3 Bxg3 7. hxg3 Nbd7 8.
cxd5 exd5 9. Qb3 Nb6 10. a4 a5 11. Nf3 O-O 12. Be2 Ne4 13. Nxe4 Bxe4 14. O-O Qd6
15. Rac1 Rfc8 16. Ne5 Nd7 17. Nxd7 Qxd7 18. Bd3 1/2-1/2

[Event "29th Czech Open B 2018"]
[Site "Pardubice CZE"]
[Date "2018.07.21"]
[Round "2.22"]
[White "Jirousek, Jan"]
[Black "Kusa, Jakub"]
[Result "0-1"]
[WhiteElo "1910"]
[BlackElo "2061"]
[WhiteFideId "378771"]
[BlackFideId "395595"]
[EventDate "2018.07.20"]

1. d4 Nf6 2. Nf3 e6 3. e3 d5 4. Bd3 b6 5. O-O Be7 6. c4 O-O 7. Nc3 Bb7 8. b3
Nbd7 9. Bb2 c5 10. Rc1 Rc8 11. Qe2 Ne4 12. cxd5 exd5 13. Ba6 Qc7 14. Bxb7 Qxb7
15. Rfd1 Rfd8 16. Nd2 Nxd2 17. Qxd2 Bf6 18. Ne2 Qa6 19. Ba1 c4 20. Nf4 Nf8 21.
Bc3 b5 22. Bb4 Rd7 23. Bxf8 Rxf8 24. Qb2 Re8 25. b4 Be7 26. Rc3 Qa4 27. Rb1 a5
28. a3 axb4 29. axb4 Ra8 30. Ne2 Qa2 31. Rc2 Qxb2 32. Rcxb2 Ra3 33. Kf1 g5 34.
Ke1 Rda7 35. Kd2 Rd3+ 36. Kc1 Ra4 37. h4 h6 38. hxg5 hxg5 39. g3 f5 40. Kc2 Raa3
41. Kc1 Kf7 42. Kc2 Kg6 43. Rd1 Bxb4 44. Rxb4 Ra2+ 45. Kb1 Rxe2 46. Rxd3 cxd3
47. Kc1 Rxf2 48. Rxb5 Re2 49. Rxd5 Rxe3 50. g4 fxg4 51. Kd2 g3 52. Rc5 Re1 0-1

[Event "29th Czech Open B 2018"]
[Site "Pardubice CZE"]
[Date "2018.07.21"]
[Round "2.23"]
[White "Meyer, Henrik"]
[Black "Spindler, Florian"]
[Result "0-1"]
[WhiteElo "2059"]
[BlackElo "1911"]
[WhiteFideId "12958182"]
[BlackFideId "12964387"]
[EventDate "2018.07.20"]

1. e4 c5 2. Nf3 e6 3. Nc3 Nc6 4. Bb5 Nd4 5. O-O Nxb5 6. Nxb5 d6 7. d4 Bd7 8. Nc3
cxd4 9. Qxd4 h6 10. a4 a6 11. Rd1 Qc7 12. Be3 Nf6 13. e5 dxe5 14. Nxe5 Rd8 15.
Ne4 Be7 16. Nd6+ Qxd6 17. Qxd6 Bxd6 18. Rxd6 Rc8 19. b4 Rxc2 20. Rad1 Rc6 21.
Nxc6 bxc6 22. R6d3 Nd5 23. Bc5 Kd8 24. h4 h5 25. Rg3 g6 26. Rf3 Be8 27. Kf1 f5
28. Ke2 Rh7 29. Kd3 Rb7 30. Kc4 Kc8 31. Re1 Bf7 32. Re5 Kd7 33. Rd3 Kc8 34. Rd4
Bg8 35. Bf8 Nb6+ 36. Kc5 Nxa4+ 37. Kc4 Nb6+ 38. Kc5 Na4+ 39. Kc4 Nb6+ 40. Kc5
Nd7+ 41. Rxd7 Kxd7 42. Re1 Rb5+ 43. Kc4 e5+ 44. Kc3 a5 45. bxa5 Rxa5 46. Rd1+
Bd5 47. g3 Ke6 48. Rb1 f4 49. gxf4 exf4 50. Rg1 Kf6 51. Bd6 Ra4 52. Rg5 Re4 53.
Kd3 f3 54. Bg3 Re1 55. Kd4 Re2 56. Be5+ Kf7 57. Bg3 Re4+ 58. Kd3 Kf6 59. Kc3 Bc4
60. Kb4 Be6+ 61. Kc5 Rc4+ 62. Kd6 Bf5 63. Be5+ Kf7 64. Bg3 Rc2 65. Ke5 c5 66.
Kf4 Rc3 67. Bh2 Ke6 68. Rg1 Kd5 69. Rd1+ Kc4 70. Ke5 Rc2 71. Bg3 Re2+ 72. Kf4
Be4 73. Rd8 Kc3 74. Re8 Kd4 75. Rd8+ Bd5 76. Kg5 Re6 77. Bf4 c4 78. Rd6 Rxd6 79.
Bxd6 Be4 80. Kf4 Kd3 81. Be5 Bc6 82. Kg5 Be8 83. Kf4 Ke2 84. Bd4 c3 85. Bxc3
Kxf2 86. Bd4+ Kg2 0-1

[Event "29th Czech Open B 2018"]
[Site "Pardubice CZE"]
[Date "2018.07.21"]
[Round "2.24"]
[White "Cagara, Paulina"]
[Black "Schindler, Tobias"]
[Result "1-0"]
[WhiteElo "2053"]
[BlackElo "1903"]
[WhiteFideId "1124870"]
[BlackFideId "12963585"]
[EventDate "2018.07.20"]

1. e4 c5 2. Nf3 d6 3. d4 cxd4 4. Nxd4 Nf6 5. Nc3 Nc6 6. Bg5 Bd7 7. Qd2 Rc8 8. f3
Nxd4 9. Qxd4 Qa5 10. Bd2 Qc5 11. Be3 Qxd4 12. Bxd4 a6 13. g4 h6 14. O-O-O b5 15.
Nd5 e5 16. Nxf6+ gxf6 17. Be3 h5 18. h3 Ke7 19. Be2 Bh6 20. Bxh6 Rxh6 21. Rhe1
Be6 22. b3 hxg4 23. hxg4 Rc6 24. Kb2 Rh8 25. c3 Rhc8 26. Rd3 a5 27. Re3 Rb6 28.
Rd1 Rc7 29. Bf1 Bd7 30. Red3 Be6 31. R3d2 Ra7 32. Rg2 Ra8 33. Rc2 Rc8 34. Bd3 a4
35. bxa4 bxa4+ 36. Ka3 Rc7 37. c4 Rcb7 38. Rc3 Rb2 39. Bc2 Bd7 40. Rd5 Bc6 41.
Ra5 Ke6 42. Ra6 R7b6 43. Rxb6 Rxb6 44. c5 Rb8 45. cxd6 Kxd6 46. Bxa4 Bxa4 47.
Kxa4 Kd7 48. a3 Rb1 49. Rb3 Rf1 50. Kb5 Kc7 51. Ka6 Kc8 52. a4 Rf2 53. a5 Rf1
54. Ka7 Rf2 55. a6 Rf1 56. Rb8+ Kc7 57. Rb7+ Kc8 58. Rxf7 Rxf3 59. Kb6 Rb3+ 60.
Kc6 Kb8 61. Rb7+ 1-0

[Event "29th Czech Open B 2018"]
[Site "Pardubice CZE"]
[Date "2018.07.21"]
[Round "2.25"]
[White "Panko, Radoslav"]
[Black "Vlkova, Anezka"]
[Result "0-1"]
[WhiteElo "2049"]
[BlackElo "1889"]
[WhiteFideId "14935635"]
[BlackFideId "364339"]
[EventDate "2018.07.20"]

1. d4 Nf6 2. Bg5 Ne4 3. Bf4 d6 4. f3 Nf6 5. e4 Nbd7 6. Nc3 e5 7. Be3 Be7 8. Nge2
O-O 9. Qd2 Nb6 10. Nc1 exd4 11. Bxd4 c5 12. Bf2 d5 13. Nb3 d4 14. Nb1 Be6 15. c3
dxc3 16. Nxc3 Qc8 17. Qe3 Nfd7 18. f4 Re8 19. Be2 Nc4 20. Bxc4 Bxc4 21. O-O-O b5
22. Nd2 Nb6 23. Nxc4 Nxc4 24. Qd3 Qa6 25. Kb1 Nxb2 26. Kxb2 c4 27. Qc2 b4 28.
Nd5 b3 29. Nxe7+ Rxe7 30. axb3 cxb3 31. Ra1 Qxa1+ 32. Rxa1 bxc2 33. Kxc2 Rxe4
34. Rxa7 Rxa7 35. Bxa7 Re2+ 36. Kd3 Rxg2 0-1

[Event "29th Czech Open B 2018"]
[Site "Pardubice CZE"]
[Date "2018.07.21"]
[Round "2.26"]
[White "Balluch, Ivan"]
[Black "Cach, Jakub"]
[Result "0-1"]
[WhiteElo "1901"]
[BlackElo "2044"]
[WhiteFideId "14915030"]
[BlackFideId "332933"]
[EventDate "2018.07.20"]

1. c4 e6 2. Nc3 d5 3. d4 Nf6 4. Nf3 Be7 5. Bg5 O-O 6. e3 Nbd7 7. Bd3 dxc4 8.
Bxc4 b6 9. O-O Bb7 10. Rc1 h6 11. Bh4 Nd5 12. Nxd5 Bxh4 13. Nc3 c5 14. dxc5 Nxc5
15. Qxd8 Bxd8 16. b4 Ne4 17. Nxe4 Bxe4 18. Rfd1 Be7 19. Rd4 Bxf3 20. gxf3 Bxb4
21. Ba6 Bc5 22. Rd7 Kh7 23. Rcd1 Kg6 24. Rc7 Rfd8 25. Rdd7 Rxd7 26. Rxd7 f5 27.
f4 Kf6 28. a4 g5 29. fxg5+ hxg5 30. h3 Rh8 31. Kg2 Rh4 32. Bb5 a6 33. Bc6 Rc4
34. Rc7 f4 35. exf4 gxf4 36. Kf3 Rc3+ 37. Ke4 Bxf2 38. Rc8 Bg3 39. Kd4 Rc1 40.
Bb7 Rxc8 41. Bxc8 b5 42. axb5 axb5 43. Bd7 b4 44. Ba4 f3 45. Ke3 f2 46. Ke2 Ke5
47. Bb3 Kd4 48. Bxe6 Kc3 49. Bd7 b3 50. Bc8 Kc2 51. Bf5+ Kc1 52. Kf1 b2 53. h4
Bxh4 54. Kg2 b1=Q 55. Bxb1 Kxb1 56. Kh2 0-1

[Event "29th Czech Open B 2018"]
[Site "Pardubice CZE"]
[Date "2018.07.21"]
[Round "2.27"]
[White "Dhyana, Patel"]
[Black "Bachstein, Dustin"]
[Result "1-0"]
[WhiteTitle "WFM"]
[WhiteElo "1843"]
[BlackElo "2037"]
[WhiteFideId "35006908"]
[BlackFideId "4688198"]
[EventDate "2018.07.20"]

1. e4 c5 2. Nf3 d6 3. d4 cxd4 4. Qxd4 Nc6 5. Bb5 Bd7 6. Bxc6 Bxc6 7. Nc3 Nf6 8.
Bg5 e6 9. O-O-O Be7 10. Qd3 Qa5 11. Kb1 O-O 12. h4 h6 13. Bd2 Qa6 14. Qxa6 bxa6
15. Rhe1 Bb7 16. Bf4 e5 17. Bc1 Ng4 18. Re2 f5 19. Nd5 Bxd5 20. exd5 e4 21. g3
Bd8 22. Nd4 Bb6 23. Bf4 Bxd4 24. Rxd4 Rfd8 25. Ra4 Rac8 26. Rxa6 Rc5 27. Rd2 Nf6
28. Rxd6 Rxd6 29. Bxd6 Rxd5 30. Rxd5 Nxd5 31. c4 e3 32. fxe3 Nxe3 33. c5 Kf7 34.
b4 a6 35. c6 Nc4 36. Bc5 Ke6 37. a4 Nd2+ 38. Kc2 Ne4 39. Bf8 h5 40. b5 axb5 41.
axb5 1-0

[Event "29th Czech Open B 2018"]
[Site "Pardubice CZE"]
[Date "2018.07.21"]
[Round "2.28"]
[White "Yakimenko, Alexander A."]
[Black "Killmann, Martin"]
[Result "1-0"]
[WhiteElo "2035"]
[BlackElo "1855"]
[WhiteFideId "24141917"]
[BlackFideId "24651559"]
[EventDate "2018.07.20"]

1. e4 e6 2. d4 d5 3. Nc3 Nf6 4. Bg5 Bb4 5. Ne2 dxe4 6. a3 Ba5 7. b4 Bb6 8. Nxe4
Nbd7 9. c4 a6 10. c5 Ba7 11. N2c3 h6 12. Bh4 g5 13. Nxf6+ Nxf6 14. Bg3 Nd5 15.
Rc1 Bd7 16. h4 Nxc3 17. Rxc3 Bb5 18. hxg5 Qxg5 19. Be5 f6 20. Rg3 Qf5 21. Rf3
Qe4+ 22. Re3 Qg6 23. Bxc7 Bxf1 24. Kxf1 Kd7 25. Bd6 Bb8 26. d5 e5 27. Qa4+ Kc8
28. Bxb8 Kxb8 29. Rhh3 Rd8 30. d6 Ka7 31. Rhg3 Qh7 32. Kg1 Rac8 33. Qb3 Qd7 34.
Qd5 h5 35. Rg6 Qf5 36. Qe4 Qe6 37. Rf3 Rf8 38. Rg7 Rf7 39. Rxf7 Qxf7 40. Qxe5
Re8 41. Qxf6 Re1+ 42. Kh2 Qd5 43. Re3 Rf1 44. Qf3 Qd4 45. Re4 Qa1 46. Re7 Rh1+
47. Kg3 h4+ 48. Kg4 Qd4+ 49. Qe4 Rd1 50. f3 1-0

[Event "29th Czech Open B 2018"]
[Site "Pardubice CZE"]
[Date "2018.07.21"]
[Round "2.29"]
[White "Beranek, Ondrej"]
[Black "Kutzner, Joachim"]
[Result "0-1"]
[WhiteElo "1832"]
[BlackElo "2034"]
[WhiteFideId "301876"]
[BlackFideId "4679407"]
[EventDate "2018.07.20"]

1. e4 e6 2. d4 d5 3. Nd2 Be7 4. c3 Nf6 5. e5 Nfd7 6. Bd3 c5 7. Ne2 b6 8. O-O Ba6
9. Nf3 Bxd3 10. Qxd3 Nc6 11. Bf4 O-O 12. Bg3 Rc8 13. a3 Na5 14. Nf4 Qc7 15. dxc5
Nxc5 16. Qe2 Ncb3 17. Rad1 Qc4 18. Rfe1 Bc5 19. Nd3 Rfd8 20. Nxc5 Qxe2 21. Rxe2
bxc5 22. Bh4 Rd7 23. h3 h6 24. Ne1 c4 25. Nc2 Nc5 26. f3 Nc6 27. Nb4 a5 28. Nxc6
Rxc6 29. Rd4 Nd3 30. b4 axb4 31. axb4 Ra7 32. Rc2 Ra1+ 33. Kh2 Nxe5 34. Bd8 Rc8
35. Bb6 Nd3 36. Rg4 f5 37. Rd4 g5 38. h4 Kf7 39. h5 Ke7 40. Rd2 Rca8 41. R4xd3
cxd3 42. Rxd3 Rc1 43. b5 Raa1 44. Bc5+ Kd7 45. Bd4 Rh1+ 46. Kg3 f4+ 0-1

[Event "29th Czech Open B 2018"]
[Site "Pardubice CZE"]
[Date "2018.07.21"]
[Round "2.30"]
[White "Scherf, Karl-Heinrich"]
[Black "Krapivina, Galina"]
[Result "1/2-1/2"]
[WhiteElo "2031"]
[BlackElo "1852"]
[WhiteFideId "16228413"]
[BlackFideId "24159182"]
[EventDate "2018.07.20"]

1. e4 e6 2. d4 d5 3. Nd2 dxe4 4. Nxe4 Bd7 5. Nf3 Bc6 6. Bd3 Nd7 7. O-O Ngf6 8.
Re1 Bxe4 9. Bxe4 Nxe4 10. Rxe4 Nf6 11. Re1 c6 12. Bf4 Bd6 13. Bxd6 Qxd6 14. c3
O-O 15. Qb3 Qc7 16. a4 1/2-1/2

[Event "29th Czech Open B 2018"]
[Site "Pardubice CZE"]
[Date "2018.07.22"]
[Round "3.1"]
[White "Kutzner, Joachim"]
[Black "Gabr, Mohsen"]
[Result "0-1"]
[BlackTitle "FM"]
[WhiteElo "2034"]
[BlackElo "2287"]
[WhiteFideId "4679407"]
[BlackFideId "10619593"]
[EventDate "2018.07.20"]

1. e4 c5 2. Nf3 Nc6 3. Bb5 g6 4. O-O Bg7 5. Nc3 Nd4 6. Nxd4 cxd4 7. Ne2 a6 8.
Bc4 b5 9. Bd5 Rb8 10. d3 e6 11. Bf4 d6 12. Bb3 Ne7 13. Qd2 h6 14. Bg3 O-O 15. f4
Kh7 16. Bh4 Qd7 17. Kh1 Bb7 18. Rae1 Rbe8 19. Bxe7 Rxe7 20. Qb4 Ra8 21. a4 bxa4
22. Bxa4 Qc7 23. Ng3 a5 24. Qd2 Qb6 25. b3 Rc8 26. Qf2 Rec7 27. c4 Rg8 28. Re2
f5 29. exf5 exf5 30. Rfe1 d5 31. Re7 dxc4 32. dxc4 Qd6 33. R7e6 Qd8 34. Be8 Bf6
35. Bb5 Bc8 36. Re8 Rxe8 37. Rxe8 Qd6 38. Nf1 Bb7 39. Qd2 h5 40. h3 Re7 41. c5
Qxc5 42. Rxe7+ Bxe7 43. Qe2 Qd6 44. Nd2 Bf6 45. Qf1 Qb4 46. Nf3 Qxb3 47. Bc4 Qe3
48. h4 Bxf3 49. Qxf3 Qxf3 50. gxf3 Bxh4 0-1

[Event "29th Czech Open B 2018"]
[Site "Pardubice CZE"]
[Date "2018.07.22"]
[Round "3.2"]
[White "Fantino, Rene"]
[Black "Mirzoeva, Elmira"]
[Result "0-1"]
[BlackTitle "WGM"]
[WhiteElo "2018"]
[BlackElo "2249"]
[WhiteFideId "24600725"]
[BlackFideId "4127951"]
[EventDate "2018.07.20"]

1. d4 d6 2. c4 e5 3. dxe5 dxe5 4. Qxd8+ Kxd8 5. Nf3 f6 6. Nc3 Be6 7. e3 c6 8.
Be2 Nd7 9. O-O Nh6 10. a3 a5 11. Na4 Nf5 12. Rd1 Kc7 13. Bd2 Nd6 14. Rdc1 Ne4
15. Be1 Ndc5 16. Nxc5 Nxc5 17. Rab1 Bf5 18. Nd2 Bxb1 19. Nxb1 Nb3 20. Rd1 Be7
21. Nc3 Rhd8 22. Kf1 b6 23. Bd3 g6 24. Bc2 Rxd1 25. Bxd1 Nc1 26. Bc2 Rd8 27. Bb1
Nd3 28. Bxd3 Rxd3 29. Ke2 Rd8 30. e4 Rd4 31. b3 Bxa3 0-1

[Event "29th Czech Open B 2018"]
[Site "Pardubice CZE"]
[Date "2018.07.22"]
[Round "3.3"]
[White "Aliferenko, Aleksei"]
[Black "Itgelt, Khuyagtsogt"]
[Result "1-0"]
[WhiteElo "2211"]
[BlackElo "2018"]
[WhiteFideId "14111977"]
[BlackFideId "4902912"]
[EventDate "2018.07.20"]

1. d4 Nf6 2. c4 e6 3. Nc3 Bb4 4. g3 d5 5. Bg2 O-O 6. Nf3 dxc4 7. Ne5 c5 8. a3
Bxc3+ 9. bxc3 cxd4 10. Qxd4 Qxd4 11. cxd4 Nc6 12. Bxc6 bxc6 13. Bg5 Ba6 14. Bxf6
gxf6 15. Nd7 Rfd8 16. Nc5 Bc8 17. O-O-O Rb8 18. Kc2 Rb5 19. a4 Rb6 20. Kc3 Kf8
21. e4 Ke7 22. f4 Bd7 23. Kxc4 Rdb8 24. Rd2 h5 25. e5 f5 26. Rg1 a5 27. Kc3 Bc8
28. Rgg2 Rb1 29. Rb2 Rc1+ 30. Rgc2 Rxb2 31. Kxb2 Rh1 32. Nb3 Ba6 33. Nxa5 Bd3
34. Rd2 Be4 35. Nb3 Kd8 36. Nc5 Bd5 37. a5 Kc7 38. Rc2 Rd1 39. Kc3 Rb1 40. Rb2
Rxb2 41. Kxb2 Bc4 42. Kc3 Bf1 43. Kb4 Bb5 44. Nb3 Kb7 45. Nd2 Be2 46. Nc4 Kc7
47. Nd6 1-0

[Event "29th Czech Open B 2018"]
[Site "Pardubice CZE"]
[Date "2018.07.22"]
[Round "3.4"]
[White "Kubat, Pavel"]
[Black "Taranenko, Evgueniy"]
[Result "0-1"]
[WhiteElo "2010"]
[BlackElo "2204"]
[WhiteFideId "325678"]
[BlackFideId "14122138"]
[EventDate "2018.07.20"]

1. g3 Nc6 2. Bg2 e5 3. c4 f5 4. Nc3 Nf6 5. d3 Bc5 6. e3 a6 7. Nge2 Ba7 8. O-O d6
9. Rb1 O-O 10. b4 Qe8 11. b5 axb5 12. Nxb5 Bb8 13. Nec3 Ne7 14. Qb3 Kh8 15. Ba3
Qd8 16. d4 e4 17. d5 Ng6 18. Nd4 Ne5 19. Nce2 Ba7 20. Rfd1 Bxd4 21. Nxd4 b6 22.
Bb2 Qe7 23. Rdc1 Nd3 24. Nc6 Nxc1 25. Rxc1 Qf7 26. a3 Bd7 27. Nd4 Ng4 28. Bf1
Ne5 29. Be2 Qg6 30. Kg2 f4 31. exf4 Rxf4 32. Qe3 Raf8 33. Rf1 Ng4 34. Bxg4 Qxg4
35. f3 exf3+ 36. Rxf3 Rxf3 37. Nxf3 Re8 38. Qf2 Qxc4 39. Nd4 Qxd5+ 40. Kg1 Qe4
41. Nf3 Rf8 42. Qd4 Qxd4+ 43. Nxd4 Bh3 44. Ne2 Rf1# 0-1

[Event "29th Czech Open B 2018"]
[Site "Pardubice CZE"]
[Date "2018.07.22"]
[Round "3.5"]
[White "Doberitz, Paul"]
[Black "Janzekovic, Klemen"]
[Result "1-0"]
[WhiteElo "2178"]
[BlackElo "2008"]
[WhiteFideId "24646130"]
[BlackFideId "14604914"]
[EventDate "2018.07.20"]

1. Nf3 c5 2. g3 d5 3. c4 d4 4. b4 cxb4 5. a3 Nc6 6. axb4 Nxb4 7. Ba3 Nc6 8. Bg2
Nf6 9. O-O g6 10. d3 Bg7 11. Nbd2 O-O 12. Qc2 Re8 13. Rfb1 Rb8 14. Ng5 Bd7 15.
Ra2 h6 16. Nge4 Nxe4 17. Nxe4 b6 18. Rab2 a6 19. Ra2 Qc7 20. Bc1 f5 21. Nd2 a5
22. Ba3 e6 23. Rab2 Na7 24. Nb3 Rec8 25. Qd2 a4 26. Nc1 b5 27. c5 Bf8 28. Na2
Kh7 29. Rc2 Bc6 30. Nb4 Bxg2 31. Kxg2 Qb7+ 32. f3 Bxc5 33. Qf4 Bxb4 34. Rxc8
Rxc8 35. Bxb4 Rc2 36. Bf8 g5 37. Qe5 Qf7 38. Bc5 Nc6 39. Qd6 Rxe2+ 40. Kf1 Rxh2
41. Rxb5 a3 42. Qxc6 Rb2 43. Bxd4 Rxb5 44. Qxb5 Qc7 45. Qb3 Qc6 46. Qxa3 Qxf3+
47. Bf2 Kg6 48. Qb3 Kf6 49. Qc3+ e5 50. Qa3 e4 51. Qd6+ Kg7 52. dxe4 Qh1+ 53.
Ke2 Qxe4+ 54. Kd2 f4 55. Bd4+ Kf7 56. Qd7+ Qe7 57. Qf5+ Ke8 58. g4 Qb4+ 59. Bc3
Qd6+ 60. Ke2 Qa6+ 61. Kf2 Qa2+ 62. Kf3 Qb3 63. Qe5+ Kf7 64. Qf6+ Ke8 65. Qc6+
Kf7 66. Qd7+ Kf8 67. Qf5+ Ke8 68. Qd3 Kf7 69. Qd4 Qb7+ 70. Kf2 Qe7 71. Qg7+ Ke8
72. Qg6+ Kd7 73. Qg7 Ke8 74. Qxe7+ Kxe7 75. Bg7 h5 76. gxh5 Ke6 77. h6 Kf7 78.
Kf3 Kg6 79. Kg4 Kh7 80. Kxg5 f3 81. Bd4 1-0

[Event "29th Czech Open B 2018"]
[Site "Pardubice CZE"]
[Date "2018.07.22"]
[Round "3.6"]
[White "Haase, Pavel"]
[Black "Pekar, Vaclav"]
[Result "1-0"]
[WhiteTitle "CM"]
[WhiteElo "1994"]
[BlackElo "2162"]
[WhiteFideId "360392"]
[BlackFideId "323799"]
[EventDate "2018.07.20"]

1. Nf3 d5 2. d4 Nf6 3. Bf4 c5 4. e3 Nc6 5. c3 Qb6 6. Qc2 Nh5 7. Bg5 h6 8. Bh4 g6
9. dxc5 Qxc5 10. Bd3 g5 11. Bg3 Bg7 12. Nd4 e5 13. Nxc6 bxc6 14. Nd2 O-O 15. Bf5
Ba6 16. Bg4 Nxg3 17. hxg3 d4 18. Ne4 Qe7 19. Bf5 dxe3 20. O-O-O Rad8 21. fxe3
Rxd1+ 22. Rxd1 Rd8 23. b3 Bf6 24. c4 Rxd1+ 25. Qxd1 Qd8 26. Qxd8+ Bxd8 27. Nc5
Bxc4 28. bxc4 Bb6 29. Nd3 Bxe3+ 30. Kc2 Bd4 31. c5 1-0

[Event "29th Czech Open B 2018"]
[Site "Pardubice CZE"]
[Date "2018.07.22"]
[Round "3.7"]
[White "Gramb, Marius"]
[Black "Anatskiy, Alexey"]
[Result "1/2-1/2"]
[WhiteElo "2123"]
[BlackElo "1993"]
[WhiteFideId "24656593"]
[BlackFideId "14119323"]
[EventDate "2018.07.20"]

1. e4 c6 2. d4 d5 3. e5 Bf5 4. Nf3 e6 5. Be2 Nd7 6. O-O Ne7 7. Nbd2 Bg4 8. Nb3
Nf5 9. Be3 Be7 10. Qd2 Rc8 11. h3 Bxf3 12. Bxf3 Nb6 13. Qe2 Nc4 14. Bc1 Bg5 15.
c3 Bxc1 16. Raxc1 Qg5 17. Bg4 h5 18. Bxf5 Qxf5 19. Nc5 Rb8 20. b3 Nb6 21. Rfd1
g5 22. Qd3 Qxd3 23. Rxd3 Nd7 24. Rg3 Nxc5 25. dxc5 Rg8 26. h4 g4 27. f3 b6 28.
cxb6 Rxb6 29. fxg4 hxg4 30. Rf1 Ra6 31. Rf4 Rxa2 32. Rfxg4 Rxg4 33. Rxg4 Ra1+
34. Kh2 Rf1 35. Rg8+ Ke7 36. g4 f6 37. Rg7+ Kf8 38. exf6 Rxf6 39. Rxa7 Rf3 40.
h5 e5 41. h6 Kg8 42. Rg7+ Kh8 43. Kg2 e4 44. g5 Rf5 45. b4 e3 46. Re7 Rxg5+ 47.
Kf3 d4 48. cxd4 Rb5 49. Kxe3 Rxb4 50. Rc7 Rc4 51. Ke4 Rc1 52. Ke5 Re1+ 53. Kd6
Rd1 54. Kc5 Rc1+ 55. Kb6 Rc4 56. Rd7 Kg8 57. Kc7 Kh8 58. Kd8 Rc1 59. Ke8 Rc2 60.
Kd8 Rc4 61. Kc7 Kg8 62. Kb6 Kh8 63. Ka5 Kg8 64. Kb6 Kh8 65. h7 Rc1 66. Rd6 Rc4
67. Rd7 Rc1 68. Ka6 Rc2 69. Ka5 Rc4 70. Kb6 Rc1 71. Kc7 Rc2 72. Kd6 Rc4 73. Ke5
Rc1 74. Rf7 Re1+ 75. Kd6 Rc1 76. Ra7 Rc4 77. Ke5 Rc1 78. Ra5 Re1+ 79. Kd6 Rd1
80. Ra4 Rc1 81. Ke5 Kxh7 82. Ra5 Re1+ 83. Kf5 Rd1 84. Ke4 Re1+ 85. Kd3 Rd1+ 86.
Kc3 Kg7 87. Ra4 Kf7 88. Kc2 Rg1 89. Ra6 Rg6 90. Kc3 Ke7 91. Kc4 Kd6 92. Ra8 Rg1
93. Rd8+ Kc7 94. Rh8 Rc1+ 95. Kd3 1/2-1/2

[Event "29th Czech Open B 2018"]
[Site "Pardubice CZE"]
[Date "2018.07.22"]
[Round "3.8"]
[White "Barak, Gil"]
[Black "Boehning, Kilian"]
[Result "1-0"]
[WhiteElo "1993"]
[BlackElo "2122"]
[WhiteFideId "2812690"]
[BlackFideId "1270499"]
[EventDate "2018.07.20"]

1. e4 e5 2. Nf3 Nc6 3. Nc3 Nf6 4. d4 exd4 5. Nxd4 Bb4 6. Nxc6 bxc6 7. Bd3 h6 8.
e5 Qe7 9. O-O Nd5 10. Qg4 g6 11. Nxd5 cxd5 12. Qd4 Bb7 13. e6 O-O-O 14. exf7 Bc5
15. Qg7 Bd6 16. Bd2 Rdf8 17. Bxg6 Be5 18. Rfe1 d6 19. Bf4 Bxg7 20. Rxe7 Bc6 21.
Rae1 Kd8 22. Bh5 Bd7 23. Kh1 Bf6 24. R7e3 1-0